El cantar de Roldán
Saved in:
| 格式: | 圖書 |
|---|---|
| 語言: | 西班牙语 |
| 出版: |
Madrid
Revista de Occidente
1963
|
| 版: | 4a. ed |
| 叢編: | Musas lejanas. Mitos, cuentos, leyendas
|
| 主題: | |
| 標簽: |
添加標簽
沒有標簽, 成為第一個標記此記錄!
|
MARC
| LEADER | 00000nam a2200000 a 4500 | ||
|---|---|---|---|
| 001 | UCV8837 | ||
| 003 | CL-VaPUC | ||
| 008 | 911218e19630000SP |||||||||||||||||spa|d | ||
| 082 | 0 | 4 | |a 841 |b CAN |2 21 |
| 245 | 1 | 3 | |a El cantar de Roldán |
| 250 | |a 4a. ed | ||
| 300 | |a 175 p | ||
| 942 | |c BK | ||
| 945 | |d 19911218 00:00:00 | ||
| 260 | |a Madrid |b Revista de Occidente |c 1963 | ||
| 650 | 7 | |a POESIAS EPICAS FRANCESAS |2 CL-VaPUC |9 267209 | |
| 583 | |a last modification |c 19911218 00:00:00 |k Rodrigo Vera | ||
| 490 | 0 | |a Musas lejanas. Mitos, cuentos, leyendas | |
| 999 | |c 214271 |d 214269 | ||
| 952 | |0 0 |1 0 |4 0 |6 841_000000000000000_CAN_1963 |7 0 |8 P |9 197471 |a BIBARQ |b BIBARQ |d 2019-11-14 |i 265153K |o 841 CAN 1963 |p 265153K |r 2025-01-20 |w 2019-11-14 |y BK |k ARQ | ||